000 00967nas a2200325 4500
001 BR2012002184
003 BR-BrBNA
005 20231205120345.0
007 ta
008 230509b bl.|||p| |||| 00| 00por d
040 _aBR-BrBNA
_bpor
_cBiblioteca Nacional de Agricultura
041 _a(Pt)
072 _aF03; F04
100 1 _aFunguetto, C.I.
100 1 _aPinto, J.F.
100 1 _aBaudet, L.
100 1 _aPeske, S.T.
245 1 _aDesempenho de sementes de arroz irrigado recobertas com zinco
246 1 _aPerformance of zinc coated irrigated rice seeds
650 _aARROZ IRRIGADO
650 _aORYZA SATIVA
650 _aZINCO
650 _aPERFORMANCE
650 _aTRATAMENTO DE SEMENTE
650 _aSEMENTE
650 _aTESTE DE SEMENTES
773 0 _tRevista Brasileira de Sementes (Brazil)
_xISSN 0101-3122
_g(Jun 2010), v. 32(2) p. 117-123
_wBR2012002184
909 _a202311
_bLúcia
_c55
_dLúcia Elande
942 _2AGRIS
_n0
_cANA
999 _c218106
_d218106